Entrepreneurship and the Internationalisation of Asian Firms : (Record no. 614007)

MARC details
000 -LEADER
fixed length control field 00506nam a2200181 a 4500
008 - FIXED-LENGTH DATA ELEMENTS--GENERAL INFORMATION
fixed length control field 260220s2002##################000#0#eng##
020 ## - INTERNATIONAL STANDARD BOOK NUMBER
ISBN 9781840647346
082 04 - DEWEY DECIMAL CLASSIFICATION NUMBER
Classification number 338.064
Item number LAR
100 1# - MAIN ENTRY--AUTHOR NAME
Personal name Yeung, Henry Wai-Chung,
245 10 - TITLE STATEMENT
Title Entrepreneurship and the Internationalisation of Asian Firms :
260 ## - PUBLICATION, DISTRIBUTION, ETC. (IMPRINT)
Year of publication 2002.
650 #0 - SUBJECT ADDED ENTRY--TOPICAL TERM
Topical Term Business & Economics.
942 ## - ADDED ENTRY ELEMENTS (KOHA)
Koha item type English Books
Holdings
Withdrawn status Lost status Damaged status Not for loan Home library Current library Shelving location Date acquired Full call number Accession Number Price effective from Koha item type
        Anna Centenary Library Anna Centenary Library 4TH FLOOR, A WING 20.02.2026 338.064 LAR 359544 20.02.2026 English Books

Find us on the map